000 00570nam a2200205Ia 4500
005 20230116122217.0
008 131103s9999 xx 000 0 und d
040 _aLoreto College
041 _aEnglish
082 _a821.5
_bPOP-TIL
100 _aTillotson,Geoffrey
245 _aPope and human nature
_cGeoffrey Tillotson
260 _aOxford
_bClarendon Press
_c1966
300 _aviii,278 p.
504 _aIncludes appendix and index
650 _aEnglish Poetry
651 _a18th century poet - Pope,Alexander - Criticism
850 _aLCLIB
942 _cBK
999 _c5738
_d56217